00626nam a22001577a 4500003000400000082001800004100001800022245017300040260004400213300000700257650003500264653003500299942001200334952010500346999001700451SGT a617.632bA23Y aYadav, Garima aA Comparative evaluation of wound healing by assessing the effect of palliative medicinal dressing, Ayurvedic dressing and no dressing in Postextraction Alveolar socket aGurugram, HaryanabSGT Universityc2023 a83 aOral and Maxillofacial Surgery aOral and Maxillofacial Surgery 2ddccTH 00102ddc405171aFDbFDd2023-02-25l0o617.632 A23YpDT1510r2023-02-25 00:00:00w2023-02-25yTH c23820d23820